Vi xử lí ( Kĩ thuật điện tử ); T2

Đã lưu trong:
Bibliografiske detaljer
Hovedforfatter: Son Hong Doo
Format: Bog
Sprog:Undetermined
Udgivet: Hà Nội Lao Đông - Xã Hội 2001
Fag:
Tags: Tilføj Tag
Ingen Tags, Vær først til at tagge denne postø!
Thư viện lưu trữ: Trung tâm Học liệu Trường Đại học Cần Thơ
LEADER 00538nam a2200169Ia 4500
001 CTU_43571
008 210402s9999 xx 000 0 und d
082 |a 621.381 
082 |b D691/T2 
100 |a Son Hong Doo 
245 0 |a Vi xử lí ( Kĩ thuật điện tử ); T2 
245 0 |c Son Hong Doo 
260 |a Hà Nội 
260 |b Lao Đông - Xã Hội 
260 |c 2001 
650 |a communication in engineering,electronic engineering,microprocessors 
980 |a Trung tâm Học liệu Trường Đại học Cần Thơ